[Event "Quebec op"]
[Site "Longueuil"]
[Date "2019.07.21"]
[Round "3"]
[White "Fillion, Steve"]
[Black "Trottier, Alain"]
[Result "1-0"]
[WhiteElo "2091"]
[BlackElo "1829"]
[PlyCount "57"]
[EventDate "2019.07.20"]
[EventType "swiss"]
[EventRounds "9"]
[EventCountry "CAN"]
[SourceTitle "CBM 191 Extra"]
[Source "ChessBase"]
[SourceDate "2019.09.30"]
[SourceVersion "1"]
[SourceVersionDate "2019.09.30"]
[SourceQuality "1"]

1. e4 c6 2. d4 d5 3. Nd2 dxe4 4. Nxe4 Nd7 5. Nf3 Ngf6 6. Nxf6+ Nxf6 7. Bc4 e6 8. Bg5 Be7 9. Qe2 0-0 10. 0-0-0 b5 11. Bd3 Bb7 12. h4 Re8 13. Kb1 a6 14. g4 Qc7 15. Rhg1 c5 16. dxc5 Qxc5 17. Ne5 Qc7 18. h5 Nd5 19. Bd2 Rac8 20. g5 f5 21. gxf6 Nxf6 22. Bh6 Bf8 23. Bxg7 Bxg7 24. h6 Re7 25. hxg7 Bd5 26. Ng4 Nxg4 27. Rxg4 Rxg7 28. Rdg1 Rxg4 29. Qxg4+ 1-0

[Event "Montreal op"]
[Site "Montreal"]
[Date "2017.09.10"]
[Round "4"]
[White "Zhong, Kevin"]
[Black "Fillion, Steve"]
[Result "1/2-1/2"]
[WhiteElo "1681"]
[BlackElo "2103"]
[PlyCount "64"]
[EventDate "2017.09.08"]
[EventType "swiss"]
[EventRounds "5"]
[EventCountry "CAN"]
[SourceTitle "CBM 180 Extra"]
[Source "ChessBase"]
[SourceDate "2017.10.06"]
[SourceVersion "1"]
[SourceVersionDate "2017.10.06"]
[SourceQuality "1"]

1. e4 c6 2. d4 d5 3. exd5 cxd5 4. c4 Nf6 5. Nc3 e6 6. Nf3 Bb4 7. cxd5 Nxd5 8. Bd2 0-0 9. Bd3 Nc6 10. 0-0 Be7 11. a3 Nf6 12. Bg5 Nd5 13. Bd2 Nf6 14. Bg5 b6 15. Re1 Bb7 16. Bc2 Rc8 17. Qd3 g6 18. Bh6 Re8 19. Rad1 Nd5 20. Ba4 Nxc3 21. bxc3 Qd5 22. c4 Qh5 23. Bf4 Red8 24. Bxc6 Bxc6 25. Re5 Qg4 26. Bg3 g5 27. h4 h6 28. hxg5 hxg5 29. Ree1 Bxf3 30. gxf3 Qh3 31. Be5 Qh7 32. Qb3 Qh3 1/2-1/2

[Event "Montreal Pere Noel op"]
[Site "Montreal"]
[Date "2016.12.28"]
[Round "3"]
[White "Fillion, Steve"]
[Black "Ivakhin, Mikhail"]
[Result "1/2-1/2"]
[WhiteElo "2103"]
[BlackElo "1853"]
[PlyCount "123"]
[EventDate "2016.12.26"]
[EventType "swiss"]
[EventRounds "5"]
[EventCountry "CAN"]
[SourceTitle "CBM 176 Extra"]
[Source "ChessBase"]
[SourceDate "2017.03.02"]
[SourceVersion "1"]
[SourceVersionDate "2017.03.02"]
[SourceQuality "1"]

1. e4 e6 2. Qe2 Nc6 3. g3 d5 4. d3 Nf6 5. Nf3 Bc5 6. Bg2 h6 7. 0-0 0-0 8. c3 dxe4 9. dxe4 a5 10. Rd1 Qe7 11. Nd4 e5 12. Nxc6 bxc6 13. Be3 Ba6 14. Bxc5 Qxc5 15. Qc2 Rfd8 16. Na3 Rd6 17. Rd2 Rad8 18. Rad1 Ng4 19. Rxd6 Rxd6 20. Rd2 Nf6 21. Qd1 Bc8 22. Nc2 Be6 23. a3 Ng4 24. Qe1 Bb3 25. Ne3 Nxe3 26. fxe3 Be6 27. Bf3 Bc4 28. Kg2 Bd3 29. Kf2 Qc4 30. Qd1 c5 31. Be2 Rf6+ 32. Kg1 Bxe2 33. Qxe2 Qxe2 34. Rxe2 c4 35. Rd2 Rd6 36. Re2 a4 37. Kf2 g6 38. g4 Kg7 39. h4 Rd1 40. Re1 Rd6 41. Re2 f6 42. Ke1 Rd3 43. Kf2 Kf7 44. Kf3 Rd1 45. Rh2 h5 46. gxh5 gxh5 47. Kg3 Ke6 48. Kf3 Rf1+ 49. Rf2 Rh1 50. Kg3 Rg1+ 51. Rg2 Re1 52. Kf3 Rh1 53. Rg7 Rxh4 54. Rxc7 Rh3+ 55. Kg2 Rxe3 56. Rxc4 Re2+ 57. Kg3 Rxb2 58. Rxa4 Rb3 59. Kh4 Rxc3 60. Kxh5 Rc6 61. Kg4 Rc3 62. Ra6+ 1/2-1/2

[Event "Montreal op"]
[Site "Montreal"]
[Date "2016.09.11"]
[Round "5"]
[White "Jacquet, Stephane"]
[Black "Fillion, Steve"]
[Result "1/2-1/2"]
[WhiteElo "1954"]
[BlackElo "2117"]
[PlyCount "33"]
[EventDate "2016.09.09"]
[EventType "swiss"]
[EventRounds "5"]
[EventCountry "CAN"]
[SourceTitle "CBM 174 Extra"]
[Source "ChessBase"]
[SourceDate "2016.10.10"]
[SourceVersion "1"]
[SourceVersionDate "2016.10.10"]
[SourceQuality "1"]

1. d4 d5 2. c4 c6 3. Nc3 Nf6 4. Nf3 dxc4 5. a4 Bf5 6. e3 e6 7. Bxc4 Bb4 8. 0-0 0-0 9. Qe2 Nbd7 10. e4 Bg6 11. Bg5 h6 12. Bh4 Qa5 13. e5 Nd5 14. Ne4 Nf4 15. Qe3 Nd5 16. Qe2 Nf4 17. Qe3 1/2-1/2

[Event "Montreal op"]
[Site "Montreal"]
[Date "2016.09.10"]
[Round "3"]
[White "Laurain, Guy"]
[Black "Fillion, Steve"]
[Result "1/2-1/2"]
[WhiteElo "2187"]
[BlackElo "2117"]
[PlyCount "86"]
[EventDate "2016.09.09"]
[EventType "swiss"]
[EventRounds "5"]
[EventCountry "CAN"]
[SourceTitle "CBM 174 Extra"]
[Source "ChessBase"]
[SourceDate "2016.10.10"]
[SourceVersion "1"]
[SourceVersionDate "2016.10.10"]
[SourceQuality "1"]

1. e4 c6 2. d4 d5 3. exd5 cxd5 4. c4 Nf6 5. Nc3 e6 6. Nf3 Bb4 7. Bd3 dxc4 8. Bxc4 0-0 9. 0-0 b6 10. Ne5 Bb7 11. Be3 Nc6 12. Nxc6 Bxc6 13. Qb3 Bxc3 14. bxc3 Nd5 15. Rae1 b5 16. Bd3 a6 17. Bc1 Rc8 18. c4 bxc4 19. Bxc4 Rb8 20. Qg3 Bb5 21. Bg5 Qc7 22. Qxc7 Nxc7 23. Rc1 Rbc8 24. Rfe1 h6 25. Be3 Bxc4 26. Rxc4 Nd5 27. Rec1 Rxc4 28. Rxc4 Rb8 29. g3 Nxe3 30. fxe3 Rb1+ 31. Kf2 Rb2+ 32. Kf3 Rxa2 33. Rc8+ Kh7 34. h4 h5 35. e4 Ra3+ 36. Kf4 Ra4 37. Rd8 Kg6 38. Ke5 Ra3 39. Rd6 a5 40. d5 Rxg3 41. dxe6 fxe6 42. Rxe6+ Kf7 43. Ra6 Rg4 1/2-1/2

[Event "Montreal Choc des generations"]
[Site "Montreal"]
[Date "2016.06.26"]
[Round "5.1"]
[White "Fillion, Steve"]
[Black "Zhu, Hong Rui"]
[Result "0-1"]
[WhiteElo "2154"]
[BlackElo "2218"]
[PlyCount "88"]
[EventDate "2016.06.24"]
[EventType "swiss"]
[EventRounds "5"]
[EventCountry "CAN"]
[SourceTitle "EXT 2022"]
[Source "ChessBase"]
[SourceDate "2021.10.06"]
[SourceVersion "1"]
[SourceVersionDate "2021.10.06"]
[SourceQuality "1"]

1. e4 c5 2. Nf3 g6 3. c3 Bg7 4. d4 cxd4 5. cxd4 d5 6. e5 Nc6 7. Bb5 Nh6 8. 0-0 0-0 9. Bxc6 bxc6 10. Bf4 f6 11. exf6 exf6 12. Qc1 Nf7 13. Qxc6 Bg4 14. Nbd2 Rc8 15. Qb5 Rc2 16. Rac1 Qc8 17. Rxc2 Qxc2 18. Qxd5 Qxb2 19. h3 Bf5 20. Re1 Rd8 21. Qa5 Qb7 22. Rc1 Rc8 23. Rxc8+ Bxc8 24. d5 f5 25. Nc4 Qb1+ 26. Kh2 Qe4 27. Qc7 Ba6 28. Ne3 h6 29. h4 Bf8 30. Nd2 Qb4 31. Nec4 g5 32. hxg5 hxg5 33. a3 Qc3 34. Be3 Nd6 35. Qa5 Qh8+ 36. Kg1 Bxc4 37. Nxc4 Nxc4 38. Qxa7 Qa1+ 39. Kh2 Qe5+ 40. g3 Nxe3 41. Qxe3 Qxe3 42. fxe3 Bxa3 43. g4 f4 44. exf4 Bd6 0-1

[Event "Canadian op U2400"]
[Site "Montreal"]
[Date "2014.07.20"]
[Round "2"]
[White "Fillion, Steve"]
[Black "Caceres Cortes, Julio"]
[Result "1-0"]
[WhiteElo "2140"]
[BlackElo "2044"]
[PlyCount "59"]
[EventDate "2014.07.19"]
[EventType "swiss"]
[EventRounds "9"]
[EventCountry "CAN"]
[SourceTitle "EXT 2022"]
[Source "ChessBase"]
[SourceDate "2021.10.06"]
[SourceVersion "1"]
[SourceVersionDate "2021.10.06"]
[SourceQuality "1"]

1. e4 e5 2. Nf3 Nc6 3. Nc3 Nf6 4. Bb5 Bc5 5. Nxe5 Nxe5 6. d4 Bd6 7. f4 Bb4 8. fxe5 Nxe4 9. Qf3 Qh4+ 10. g3 Ng5 11. Bxg5 Qxg5 12. 0-0 0-0 13. Ne4 Qh6 14. Bc4 d5 15. Bxd5 Bh3 16. Rf2 Ba5 17. Bxf7+ Kh8 18. Qe2 Bb6 19. c3 Rad8 20. Kh1 Qc6 21. Re1 g6 22. Rf6 Qd7 23. e6 Qe7 24. g4 c5 25. dxc5 Bxc5 26. Qf3 Rd5 27. Qxh3 Re5 28. Rxg6 Rxe4 29. Rf1 Bd6 30. Rh6 1-0